000
00271nam a2200121Ia 4500
008
241002s9999 xx 000 0 und d
082
_a
133 CHE
100
_a
Cheiro
245
0
_a
Cheirs Guide To The Hand
260
_a
London:
_c
N/A
600
_a
Philosophy
942
_c
UC
999
_c
18672
_d
18672